000 00677nam a2200217Ii 4500
003 JO-AjNU
008 230606s9999||||xx |||||||||||||| ||und||
020 _a978-81-224-3502-3
040 _aJO-AjNU
_beng
_erda
_cJO-AjNU
041 _aeng
050 1 4 _aQA312 .D42
100 3 _aBarra,g,
_eauthor
_93847
245 0 0 _aMeasure theory and integration
264 3 1 _anew age international publishers:new delhi,2013
300 _a234p
336 _atext
_btxt
_2rdacontent
337 _aunmediated
_bn
_2rdamedia
338 _avolume
_bnc
_2rdacarrier
490 0 _a Ellis Horwood series in mathematics and its applications 
650 4 _aMeasure theory and integration
_93848
999 _aE2006
_c2006
_d2006